00530nam a2200181 a 450000100060000000300090000600800410001504000280005608200140008411000340009824500310013226000430016330000100020665000380021665000360025465000350029065000230032512838CO-ViMGA141112s2004 ck r 000 u spa d aCO-ViMGAbspacCO-ViMGA04a362.5 C65 aPresidencia de la República10aLa Lucha contra la pobreza aBogotá : bImprenta Nacional, c1990 a217p.14aCOLOMBIA - CONDICIONES ECONOMICAS14aCOLOMBIA - CONDICIONES SOCIALES14aCOLOMBIA - Política Y SOCIAL14aPOBREZA - COLOMBIA